Welcome to the Holygrace Academy Library

Please use search bar below to get started

USING GRAMMAR (Record no. 3779)

MARC details
000 -LEADER
fixed length control field 00283nam a22001337a 4500
020 ## - INTERNATIONAL STANDARD BOOK NUMBER
ISBN 0-19-561789-4
082 ## - DEWEY DECIMAL CLASSIFICATION NUMBER
Classification number 425
Item number MAS/U
100 ## - MAIN ENTRY--AUTHOR NAME
Personal name MASON,J. A
245 ## - TITLE STATEMENT
Title USING GRAMMAR
260 ## - PUBLICATION, DISTRIBUTION, ETC. (IMPRINT)
Place of publication NEW YORK
Name of publisher OXFORD UNIVERSITY
300 ## - PHYSICAL DESCRIPTION
Number of Pages 90
650 ## - SUBJECT ADDED ENTRY--TOPICAL TERM
Topical Term GRAMMAR
Geographic subdivision NEW YORK
942 ## - ADDED ENTRY ELEMENTS (KOHA)
Koha item type Books
Holdings
Withdrawn status Lost status Collection code Home library Current library Shelving location Date acquired Source of acquisition Full call number Accession Number Koha item type
    Reference Main Library Main Library SHELF-16C -ENGLISH GRAMMAR SYNONYMS7ANTONYMS,LETTERS, ETC 23/04/2013 PURCHASE 425 MAS/U 07473 Books